Statistiques concernant Les villes les plus peuplées d'Île-de-France

Cliquez ici pour prendre le quiz!

Statistiques générales

  • Ce quiz a été pris 558 fois
  • Le résultat moyen est 10 sur 20

Statistiques - réponses

PopulationVille% Correct
2 125 851Paris
99%
85 994Saint-Denis
86%
85 761Versailles
86%
84 270Nanterre
75%
81 786Créteil
73%
106 316Boulogne-Billancourt
72%
90 735Montreuil
65%
93 932Argenteuil
56%
59 874Neuilly-sur-Seine
55%
63 130Aubervilliers
50%
69 665Courbevoie
42%
59 849Antony
39%
78 908Vitry-sur-Seine
37%
80 030Aulnay-sous-Bois
34%
75 832Colombes
33%
73 599Rueil-Malmaison
31%
75 832Asnières-sur-Seine
29%
62 271Drancy
28%
74 232Champigny-sur-Marne
25%
73 071Saint-Maur-des-Fossés
23%

Distribution des résultats

Percentile par nombre de réponses

% des personnes avec chaque résultat

Votre développement - résultats

Vous n’avez pas pris ce quiz